[Event "Capablanca mem ELITE"]
[Site "Cuba"]
[Date "2005.05.06"]
[Round "1.1"]
[White "Delgado, Neurys"]
[Black "Nogueiras, Jesús"]
[Result "1-0"]
[WhiteElo "2567"]
[BlackElo "2533"]
[PlyCount "85"]
[EventDate "2005.05.06"]
[SourceDate "2005.05.06"]

1. e4 e6 2. d3 d5 3. Nd2 Nf6 4. e5 Nfd7 5. d4 c5 6. c3 Nc6 7. Ngf3 Be7 8. Bd3
Qb6 9. O-O cxd4 10. cxd4 Nxd4 11. Nxd4 Qxd4 12. Nf3 Qb6 13. Qc2 Nc5 14. Be3 Bd7
15. Rfc1 Rc8 16. Bxh7 Qb4 17. Qb1 g6 18. Bxg6 Qg4 19. b4 Na4 20. Rxc8+ Bxc8 21.
Bd3 Rg8 22. Ne1 Bd7 23. Bf1 Nc3 24. Qc2 Bxb4 25. f3 Qh5 26. Bd4 Rh8 27. h3 Qh4
28. Bf2 Qg5 29. Nd3 Ba5 30. Kh1 b6 31. Be1 d4 32. Qb3 Qd8 33. Bf2 Bb5 34. Rc1
Rh5 35. Rxc3 dxc3 36. Qxb5+ Kf8 37. Qc4 Qd5 38. Qc8+ Kg7 39. Nf4 Rh8 40. Qxh8+
Kxh8 41. Nxd5 exd5 42. Bd3 Bb4 43. Bd4 1-0

[Event "Capablanca mem PREMIER I"]
[Site "Cuba"]
[Date "2005.05.06"]
[Round "1"]
[White "Ortega, Mariano"]
[Black "Vera, Reinaldo"]
[Result "1-0"]
[WhiteElo "2411"]
[BlackElo "2507"]
[PlyCount "103"]
[EventDate "2005.05.06"]
[SourceDate "2005.05.06"]

1. c4 e6 2. Nf3 Nf6 3. g3 a6 4. Bg2 b5 5. b3 c5 6. O-O Bb7 7. Bb2 Be7 8. d3 O-O
9. Nbd2 d5 10. Rc1 Nbd7 11. Rc2 bxc4 12. bxc4 d4 13. e3 dxe3 14. fxe3 Qc7 15.
Qe2 Rfd8 16. Bc3 Bc6 17. Rb2 Rdb8 18. Rfb1 Rxb2 19. Rxb2 Rb8 20. Nb3 Bd6 21.
Na5 Rxb2 22. Qxb2 Bxf3 23. Bxf3 Be5 24. Nc6 Bxc3 25. Qxc3 h5 26. Qa5 Qd6 27. d4
g5 28. Qxa6 g4 29. Bg2 h4 30. gxh4 g3 31. h3 cxd4 32. Qa8+ Kg7 33. Nxd4 Qb4 34.
Qf3 Qe1+ 35. Bf1 Ne5 36. Qe2 Qc1 37. Nf3 Nxc4 38. e4 Ne3 39. Qe1 Qxe1 40. Nxe1
Nxe4 41. a4 Nxf1 42. Kxf1 Nc5 43. a5 f5 44. Nd3 Na6 45. Kg2 Kf6 46. Kxg3 e5 47.
h5 e4 48. Nf4 Nb4 49. h6 Na6 50. h4 Nc5 51. h5 Na6 52. Nd5+ 1-0

[Event "Capablanca mem PREMIER I"]
[Site "Cuba"]
[Date "2005.05.06"]
[Round "1"]
[White "Gonzalez, Yuri"]
[Black "de la Paz, Frank"]
[Result "1-0"]
[WhiteElo "2482"]
[BlackElo "2461"]
[PlyCount "99"]
[EventDate "2005.05.06"]
[SourceDate "2005.05.06"]

1. e4 e5 2. Nf3 Nc6 3. Bb5 Bc5 4. c3 Nf6 5. O-O O-O 6. d4 Bb6 7. Bg5 h6 8. Bh4
d6 9. Bxc6 bxc6 10. dxe5 dxe5 11. Nbd2 Qd6 12. Qc2 Ba6 13. c4 Nd7 14. Rfd1 c5
15. a4 c6 16. Nf1 Qe6 17. Ne3 Rfe8 18. b3 Nf8 19. Nf5 Bc7 20. Ne1 Rab8 21. Rab1
Rb7 22. f3 Kh7 23. Nd3 g6 24. Ne3 Nd7 25. b4 cxb4 26. Nxb4 Bb6 27. Nxa6 Bxe3+
28. Bf2 Bxf2+ 29. Kxf2 Rxb1 30. Qxb1 Re7 31. Qb4 Nb6 32. a5 Nc8 33. Rd8 c5 34.
Nxc5 Qc6 35. Nd3 Re8 36. Rd5 Qf6 37. Qb7 Kg7 38. Qd7 Kf8 39. c5 Qh4+ 40. Kg1
Qg5 41. f4 Qf6 42. c6 exf4 43. e5 Qh4 44. c7 f3 45. gxf3 Qg5+ 46. Qg4 Qe3+ 47.
Kg2 Qd2+ 48. Kh3 Qc3 49. Qb4+ Qxb4 50. Nxb4 1-0

[Event "Capablanca mem PREMIER I"]
[Site "Cuba"]
[Date "2005.05.06"]
[Round "1"]
[White "Fernandez, Ernesto"]
[Black "Perez, Rodney"]
[Result "1/2-1/2"]
[WhiteElo "2449"]
[BlackElo "2437"]
[PlyCount "55"]
[EventDate "2005.05.06"]
[SourceDate "2005.05.06"]

1. e4 e5 2. Nf3 Nc6 3. Bb5 Bc5 4. c3 Qf6 5. d4 exd4 6. e5 Qg6 7. O-O dxc3 8.
Nxc3 Nge7 9. Bd3 Qh5 10. Nb5 O-O 11. Nxc7 Rb8 12. Bf4 Ng6 13. Bg3 b6 14. a3 a5
15. Re1 Bb7 16. Rc1 Rbc8 17. Nb5 Nce7 18. Be4 Bxe4 19. Rxe4 Nf5 20. Re1 Rcd8
21. Qa4 d6 22. b4 axb4 23. axb4 Qg4 24. Rb1 Nxg3 25. hxg3 dxe5 26. Qc2 Bd4 27.
Re4 Qf5 28. g4 1/2-1/2

[Event "Capablanca mem PREMIER I"]
[Site "Cuba"]
[Date "2005.05.06"]
[Round "1"]
[White "Garcia, Silvino"]
[Black "Mosquera, Miguel"]
[Result "1/2-1/2"]
[WhiteElo "2351"]
[BlackElo "2434"]
[PlyCount "32"]
[EventDate "2005.05.06"]
[SourceDate "2005.05.06"]

1. e4 e6 2. d4 d5 3. Nd2 Nf6 4. e5 Nfd7 5. Bd3 c5 6. c3 Nc6 7. Ne2 cxd4 8. cxd4
Qb6 9. Nf3 f6 10. exf6 Nxf6 11. O-O Bd6 12. Bf4 Bxf4 13. Nxf4 Qxb2 14. Re1 O-O
15. Nxe6 Bxe6 16. Rxe6 Rae8 1/2-1/2

[Event "Capablanca mem PREMIER I"]
[Site "Cuba"]
[Date "2005.05.06"]
[Round "1"]
[White "Zambrana, Osvaldo"]
[Black "Soppe, Guillermo"]
[Result "1-0"]
[WhiteElo "2472"]
[BlackElo "2453"]
[PlyCount "105"]
[EventDate "2005.05.06"]
[SourceDate "2005.05.06"]

1. e4 Nf6 2. e5 Nd5 3. Nf3 d6 4. d4 Bg4 5. Be2 e6 6. O-O Be7 7. b3 O-O 8. c4
Nb6 9. Bb2 N8d7 10. Nbd2 Bf5 11. exd6 cxd6 12. Re1 a5 13. Nf1 a4 14. Ng3 Bg6
15. Ba3 Qc7 16. h4 Nf6 17. Ng5 axb3 18. axb3 Nfd7 19. Nf3 Nf6 20. Ng5 Nfd7 21.
Bf1 Rfe8 22. Bb4 Rxa1 23. Qxa1 h6 24. h5 Bxg5 25. hxg6 fxg6 26. Bd3 Nf8 27. Qb1
Kh7 28. Ne4 Be7 29. Nc3 Qc8 30. Re3 d5 31. Bxe7 Rxe7 32. c5 Nbd7 33. Nxd5 Rf7
34. Rxe6 Nxe6 35. Bxg6+ Kg8 36. Bxf7+ Kxf7 37. Qf5+ Nf6 38. Nxf6 gxf6 39. d5
Qe8 40. Qh5+ Ke7 41. Qxe8+ Kxe8 42. dxe6 Ke7 43. b4 Kxe6 44. b5 Kd5 45. c6 bxc6
46. bxc6 Kxc6 47. Kh2 Kd5 48. Kg3 Ke6 49. Kg4 Kf7 50. Kf5 h5 51. g3 Kg7 52. Ke6
Kg6 53. f4 1-0

[Event "Capablanca mem PREMIER I"]
[Site "Cuba"]
[Date "2005.05.07"]
[Round "2"]
[White "Perez, Luis M"]
[Black "Abreu, Aryam"]
[Result "1-0"]
[WhiteElo "2420"]
[BlackElo "2440"]
[PlyCount "41"]
[EventDate "2005.05.06"]
[SourceDate "2005.05.06"]

1. e4 c5 2. Nf3 d6 3. d4 cxd4 4. Nxd4 Nf6 5. Nc3 a6 6. Bg5 e6 7. f4 Nbd7 8. Bc4
Qb6 9. Qd2 Qxb2 10. O-O Qb6 11. Kh1 Qc7 12. Bxe6 fxe6 13. Nxe6 Qc4 14. e5 dxe5
15. fxe5 Nxe5 16. Qd8+ Kf7 17. Rxf6+ gxf6 18. Qxf6+ Ke8 19. Ng7+ Kd7 20. Rd1+
Kc7 21. Qxe5+ 1-0

[Event "Capablanca mem PREMIER I"]
[Site "Cuba"]
[Date "2005.05.07"]
[Round "2"]
[White "Soppe, Guillermo"]
[Black "Helkki, Kallio"]
[Result "1-0"]
[WhiteElo "2453"]
[BlackElo "2469"]
[PlyCount "131"]
[EventDate "2005.05.06"]
[SourceDate "2005.05.06"]

1. Nf3 Nf6 2. g3 b5 3. Bg2 Bb7 4. Na3 a6 5. c4 bxc4 6. Nxc4 e6 7. O-O Be7 8. d3
Bd5 9. Bd2 O-O 10. Na5 Ra7 11. e4 Ba8 12. b4 d5 13. e5 Nfd7 14. d4 Nc6 15. Nxc6
Bxc6 16. Qc2 Bb5 17. Rfe1 Nb6 18. Bc3 Ba4 19. Qc1 a5 20. a3 axb4 21. axb4 Qd7
22. Nd2 Rfa8 23. Qb2 Bf8 24. Rec1 h6 25. h4 c6 26. Qb1 Bb5 27. Rxa7 Qxa7 28.
Nb3 Na4 29. Be1 Nb6 30. Na5 Nc4 31. Bc3 Be7 32. Qb3 Nxa5 33. bxa5 Bc4 34. Qb6
Qxb6 35. axb6 Ra6 36. Rb1 Bb5 37. Ba5 Ra8 38. Bf1 Rb8 39. Bxb5 cxb5 40. Rxb5
Bd8 41. Kf1 f6 42. f4 Kf7 43. h5 Ke8 44. f5 fxe5 45. dxe5 exf5 46. Ke2 Kd7 47.
Rxd5+ Kc6 48. Rd6+ Kb5 49. Bc3 Bxb6 50. e6 Bc5 51. Rd7 Re8 52. Bxg7 Rxe6+ 53.
Kf3 Kc4 54. Kf4 Be3+ 55. Kxf5 Rb6 56. Bf6 Rb1 57. Kg6 Rg1 58. Be5 Rg2 59. Kh7
Rh2 60. Bf4 Bxf4 61. gxf4 Rxh5 62. Kg6 Rh2 63. f5 h5 64. f6 Rf2 65. f7 h4 66.
Rd8 1-0

[Event "Capablanca mem PREMIER I"]
[Site "Cuba"]
[Date "2005.05.07"]
[Round "2"]
[White "Mosquera, Miguel"]
[Black "Zambrana, Osvaldo"]
[Result "1-0"]
[WhiteElo "2434"]
[BlackElo "2472"]
[PlyCount "69"]
[EventDate "2005.05.06"]
[SourceDate "2005.05.06"]

1. d4 d5 2. c4 dxc4 3. Nf3 Nf6 4. e3 e6 5. Bxc4 c5 6. O-O a6 7. a4 Nc6 8. Nc3
Qc7 9. d5 exd5 10. Nxd5 Nxd5 11. Qxd5 Na5 12. Ba2 Be6 13. Qe4 Qc6 14. Qxc6+
Nxc6 15. Bxe6 fxe6 16. Ng5 Ke7 17. Bd2 Rd8 18. Rfd1 h6 19. Ne4 Kf7 20. Kf1 Be7
21. Ke2 Rd5 22. Bc3 Rhd8 23. Rdc1 R8d7 24. f4 b6 25. g4 Bd8 26. Rg1 g6 27. h4
e5 28. g5 h5 29. fxe5 Nxe5 30. Raf1+ Kg7 31. Nf6 Bxf6 32. Rxf6 Kg8 33. Rgf1 Re7
34. Rxb6 Re8 35. Rxa6 1-0

[Event "Capablanca mem PREMIER I"]
[Site "Cuba"]
[Date "2005.05.07"]
[Round "2"]
[White "Perez, Rodney"]
[Black "Garcia, Silvino"]
[Result "1-0"]
[WhiteElo "2437"]
[BlackElo "2351"]
[PlyCount "65"]
[EventDate "2005.05.06"]
[SourceDate "2005.05.06"]

1. e4 Nf6 2. Nc3 d5 3. e5 d4 4. Nce2 Ng4 5. f4 h5 6. Nf3 c5 7. Ng3 h4 8. Ne4
Qd5 9. d3 Nc6 10. Qe2 h3 11. gxh3 Nh6 12. Bg2 Qd8 13. Bd2 e6 14. O-O-O Nf5 15.
Ng3 g6 16. Nxf5 gxf5 17. Ng5 Bd7 18. Bf3 Ke7 19. Rhg1 Qb6 20. Be1 Be8 21. h4 a5
22. Kb1 a4 23. a3 Qc7 24. h5 b5 25. c3 Rb8 26. Rc1 dxc3 27. Bxc3 Qb6 28. Qf2 b4
29. axb4 cxb4 30. Qxb6 Rxb6 31. Bd2 Kd8 32. Be3 Ra6 33. Bxc6 1-0

[Event "Capablanca mem PREMIER I"]
[Site "Cuba"]
[Date "2005.05.07"]
[Round "2"]
[White "Vera, Reinaldo"]
[Black "Gonzalez, Yuri"]
[Result "1/2-1/2"]
[WhiteElo "2507"]
[BlackElo "2482"]
[PlyCount "54"]
[EventDate "2005.05.06"]
[SourceDate "2005.05.06"]

1. d4 Nf6 2. c4 e6 3. Nc3 Bb4 4. Qc2 O-O 5. a3 Bxc3+ 6. Qxc3 b6 7. Bg5 Bb7 8.
e3 h6 9. Bh4 d6 10. Ne2 Nbd7 11. Qd3 Ba6 12. Nc3 d5 13. Qd1 Bxc4 14. Bxc4 dxc4
15. Qa4 c5 16. Qxc4 cxd4 17. Qxd4 g5 18. Bg3 Nc5 19. Rd1 Qxd4 20. Rxd4 Rfd8 21.
h4 Rxd4 22. exd4 Ncd7 23. hxg5 hxg5 24. Ke2 Rc8 25. Kd3 a6 26. a4 Kg7 27. f3
Kg6 1/2-1/2

[Event "Capablanca mem PREMIER II"]
[Site "Cuba"]
[Date "2005.05.06"]
[Round "1"]
[White "Hernandez, Roman"]
[Black "Gongora, Maikel"]
[Result "1/2-1/2"]
[WhiteElo "2367"]
[BlackElo "2454"]
[PlyCount "87"]
[EventDate "2005.05.06"]
[SourceDate "2005.05.06"]

1. c4 Nf6 2. Nf3 e6 3. d4 c5 4. e3 b6 5. Bd3 Bb7 6. O-O cxd4 7. exd4 Be7 8.
Nbd2 O-O 9. b3 d5 10. Bb2 Nc6 11. Qe2 Rc8 12. Rad1 Bd6 13. Ne5 Qe7 14. Qe3 Ba3
15. Ba1 Rfd8 16. Ndf3 h6 17. Nxc6 Bxc6 18. Ne5 Bb7 19. f4 Nd7 20. Qh3 f5 21.
Nxd7 Qxd7 22. Qe3 Rf8 23. Rf2 Rf6 24. Bf1 Rg6 25. Bb2 Bd6 26. Rc1 Qe7 27. a4 a5
28. Rcc2 Kh7 29. Bc1 Qd7 30. c5 Bb8 31. Ba3 bxc5 32. Rxc5 Rxc5 33. Bxc5 Bc7 34.
g3 Qd8 35. b4 axb4 36. Bxb4 h5 37. Bc5 Ba5 38. Rg2 Bc8 39. h4 Rf6 40. Qf3 Kh6
41. Kh2 Rg6 42. Be2 Rg4 43. Qb3 Rg6 44. Qf3 1/2-1/2

[Event "Capablanca mem PREMIER II"]
[Site "Cuba"]
[Date "2005.05.06"]
[Round "1"]
[White "Giaccio, Alfredo"]
[Black "Hernandez, Holden"]
[Result "1-0"]
[WhiteElo "2478"]
[BlackElo "2446"]
[PlyCount "79"]
[EventDate "2005.05.06"]
[SourceDate "2005.05.06"]

1. e4 e5 2. Nf3 Nc6 3. Bc4 Bc5 4. c3 Nf6 5. d3 d6 6. Bb3 O-O 7. O-O h6 8. Re1
a6 9. Nbd2 Ba7 10. Nf1 Nh5 11. Ne3 Nf4 12. d4 exd4 13. Nf5 Ng6 14. N3xd4 Nxd4
15. Nxd4 Qf6 16. Be3 Bd7 17. Nc2 Bxe3 18. Nxe3 Ne7 19. e5 Qg6 20. Bc2 Qe6 21.
Qd3 Qg6 22. Qc4 Qe6 23. Qxc7 dxe5 24. Bb3 Qc6 25. Qxe5 Ng6 26. Qg3 Be6 27. Bxe6
Qxe6 28. c4 Rae8 29. b3 f5 30. f4 Qd6 31. Nd5 b5 32. Qf2 bxc4 33. bxc4 Rc8 34.
Rad1 Qc6 35. h4 h5 36. Rb1 Rb8 37. Qd4 Kh7 38. g3 Rxb1 39. Rxb1 Rc8 40. Ne3 1-0

[Event "Capablanca mem PREMIER II"]
[Site "Cuba"]
[Date "2005.05.06"]
[Round "1"]
[White "Quezada, Yuniesky"]
[Black "Corrales, Fidel"]
[Result "0-1"]
[WhiteElo "2502"]
[BlackElo "2501"]
[PlyCount "96"]
[EventDate "2005.05.06"]
[SourceDate "2005.05.06"]

1. e4 c5 2. Nf3 Nc6 3. d4 cxd4 4. Nxd4 Nf6 5. Nc3 e5 6. Ndb5 d6 7. Bg5 a6 8.
Na3 b5 9. Bxf6 gxf6 10. Nd5 f5 11. Bd3 Be6 12. O-O Bxd5 13. exd5 Ne7 14. Re1
Bg7 15. c3 Qc8 16. Nc2 e4 17. Bf1 O-O 18. a4 bxa4 19. Ne3 Rb8 20. Nc4 Rd8 21.
Rxa4 Rb5 22. Qa1 Qb8 23. Rxa6 Rxd5 24. Qa2 Rc5 25. Nxd6 Rd5 26. Nc4 Ng6 27. Ra7
Ne5 28. Nxe5 Qxe5 29. Qc4 Bf8 30. b4 R5d7 31. Ra5 Rd5 32. Rd1 Bd6 33. g3 Rxd1
34. Rxe5 Bxe5 35. Qc5 f6 36. Kg2 Kh8 37. Bc4 f4 38. gxf4 Bxf4 39. Qf5 Be5 40.
Qxe4 Bxc3 41. b5 R1d4 42. Qe6 R4d6 43. Qf5 Be5 44. Qf3 Rd2 45. Kh3 Rc2 46. Qe4
Rxf2 47. Bd3 Rxh2+ 48. Kg4 Rd4 0-1

[Event "Capablanca mem PREMIER II"]
[Site "Cuba"]
[Date "2005.05.06"]
[Round "1"]
[White "Schilow, Wladimir"]
[Black "Almeida, Omar"]
[Result "1/2-1/2"]
[WhiteElo "2425"]
[BlackElo "2452"]
[PlyCount "149"]
[EventDate "2005.05.06"]
[SourceDate "2005.05.06"]

1. e4 Nf6 2. e5 Nd5 3. d4 d6 4. Nf3 Bg4 5. Be2 e6 6. c4 Nb6 7. Nc3 Be7 8. h3
Bh5 9. O-O O-O 10. Be3 a5 11. b3 d5 12. c5 N6d7 13. g4 Bg6 14. h4 f6 15. h5 Bf7
16. exf6 Bxf6 17. Qd2 Nc6 18. Rad1 Kh8 19. Ne1 e5 20. dxe5 Bxe5 21. Nxd5 Qh4
22. f4 Qg3+ 23. Ng2 Nd4 24. Nc3 Nxe2+ 25. Nxe2 Qxg4 26. Qxd7 Be6 27. Qd2 Bf6
28. Nd4 Bd5 29. Qe2 Qh3 30. Nf3 Qxh5 31. Bd4 c6 32. Bxf6 gxf6 33. Nd4 Rg8 34.
Rf2 Qg6 35. f5 Qh6 36. Ne6 Rg3 37. Rd3 Rag8 38. Rxg3 Rxg3 39. Nef4 Bxg2 40.
Nxg2 Qc1+ 41. Kh2 Rg8 42. Qc2 Qh6+ 43. Kg1 Qe3 44. Qb2 Qe1+ 45. Kh2 Qe7 46. Qc3
Rg5 47. Qxa5 Qe5+ 48. Kg1 Qa1+ 49. Kh2 Rh5+ 50. Kg3 Qe5+ 51. Nf4 Qe3+ 52. Kg2
Rg5+ 53. Kf1 Qc1+ 54. Ke2 Qc2+ 55. Qd2 Qxf5 56. Nd3 Qg4+ 57. Ke1 Qd4 58. Kd1
Rg3 59. Nc1 Rg1+ 60. Kc2 Qxc5+ 61. Kb2 Qe5+ 62. Kb1 Qe4+ 63. Qc2 Qxc2+ 64. Kxc2
Kg7 65. Nd3 h5 66. a4 h4 67. Nf4 f5 68. Kd2 Kf6 69. Ke2 Ra1 70. Rf3 Kg5 71.
Nh3+ Kg4 72. Nf2+ Kg5 73. Rd3 Kf4 74. Rf3+ Kg5 75. Nh3+ 1/2-1/2

[Event "Capablanca mem PREMIER II"]
[Site "Cuba"]
[Date "2005.05.06"]
[Round "1"]
[White "Estremera, Sergio"]
[Black "Colovic, Alexander"]
[Result "1/2-1/2"]
[WhiteElo "2385"]
[BlackElo "2418"]
[PlyCount "74"]
[EventDate "2005.05.06"]
[SourceDate "2005.05.06"]

1. d4 Nf6 2. c4 e6 3. Nc3 Bb4 4. e3 b6 5. Bd3 Bb7 6. Nf3 O-O 7. O-O c5 8. Na4
cxd4 9. a3 Bd6 10. exd4 Bxf3 11. Qxf3 Nc6 12. Be3 e5 13. dxe5 Nxe5 14. Qd1 Qc7
15. h3 Rfe8 16. Nc3 Nxd3 17. Qxd3 Bh2+ 18. Kh1 Bf4 19. Bd4 Be5 20. Rad1 Rac8
21. b3 Bxd4 22. Qxd4 Qc5 23. Nb5 Rcd8 24. b4 Qxd4 25. Rxd4 a5 26. g4 axb4 27.
axb4 Re2 28. Kg2 Rb2 29. g5 Nh5 30. Rfd1 Rb3 31. Rd6 Rxb4 32. Ra1 f6 33. gxf6
Nxf6 34. Ra7 Rb2 35. Nc7 Re2 36. Ra8 Rxa8 37. Nxa8 Rb2 1/2-1/2

[Event "Capablanca mem PREMIER II"]
[Site "Cuba"]
[Date "2005.05.06"]
[Round "1"]
[White "Fernandez, Jose Luis"]
[Black "Perez, Orelvis"]
[Result "1-0"]
[WhiteElo "2468"]
[BlackElo "2439"]
[PlyCount "107"]
[EventDate "2005.05.06"]
[SourceDate "2005.05.06"]

1. e4 c5 2. Nf3 d6 3. Bb5+ Nd7 4. d4 Ngf6 5. Nc3 cxd4 6. Qxd4 e5 7. Qd3 h6 8.
Nd2 a6 9. Bxd7+ Bxd7 10. Nc4 Be6 11. Ne3 Be7 12. O-O O-O 13. a4 Rc8 14. b3 Qc7
15. Bb2 Rfd8 16. a5 Bf8 17. Rfd1 Nd7 18. Rd2 Nf6 19. Ncd5 Nxd5 20. Nxd5 Bxd5
21. Qxd5 Qc6 22. c4 Qxd5 23. Rxd5 f6 24. Bc1 Kf7 25. Be3 Ke6 26. Kf1 Be7 27.
Ke2 g6 28. g4 Rh8 29. Rg1 g5 30. Kd3 h5 31. h3 hxg4 32. hxg4 Rh3 33. b4 Rch8
34. Kc3 Rh1 35. Rdd1 Rxg1 36. Rxg1 Bd8 37. Kb3 Bc7 38. Ka4 Kf7 39. Rb1 Ke6 40.
b5 Ra8 41. bxa6 Rxa6 42. Bd2 Ra7 43. Kb5 Kf7 44. Rh1 Kg7 45. Rc1 Kf7 46. c5
dxc5 47. Rxc5 Bd8 48. Rc8 Ke7 49. Bb4+ Kd7 50. Rxd8+ Kxd8 51. Kb6 Ra8 52. Kxb7
Rc8 53. a6 Rc4 54. Ba5+ 1-0

[Event "Capablanca mem PREMIER II"]
[Site "Cuba"]
[Date "2005.05.07"]
[Round "2"]
[White "Prasca, Rafael"]
[Black "Perez, Orelvis"]
[Result "1-0"]
[WhiteElo "2442"]
[BlackElo "2439"]
[PlyCount "53"]
[EventDate "2005.05.06"]
[SourceDate "2005.05.06"]

1. e4 c5 2. Nf3 d6 3. d4 cxd4 4. Nxd4 Nf6 5. Nc3 g6 6. Be2 Bg7 7. Be3 O-O 8. g4
d5 9. e5 Ne4 10. f4 Nxc3 11. bxc3 Nc6 12. h4 f6 13. exf6 Bxf6 14. h5 e5 15.
Nxc6 bxc6 16. hxg6 Bh4+ 17. Kf1 hxg6 18. Kg2 exf4 19. Bc5 Rf7 20. Qd3 Qg5 21.
Rxh4 f3+ 22. Bxf3 Ba6 23. Bd4 Rh7 24. Rxh7 Bxd3 25. Rg7+ Kf8 26. Rh1 Bf1+ 27.
Kg3 1-0

[Event "Capablanca mem PREMIER II"]
[Site "Cuba"]
[Date "2005.05.07"]
[Round "2"]
[White "Colovic, Alexander"]
[Black "Fernandez, Jose Luis"]
[Result "1-0"]
[WhiteElo "2418"]
[BlackElo "2468"]
[PlyCount "87"]
[EventDate "2005.05.06"]
[SourceDate "2005.05.06"]

1. e4 Nf6 2. e5 Nd5 3. d4 d6 4. c4 Nb6 5. exd6 cxd6 6. Nc3 g6 7. Bg5 Bg7 8. Qd2
Nc6 9. d5 Ne5 10. b3 Bf5 11. Rc1 Nbd7 12. f4 h6 13. Bh4 g5 14. Bg3 gxf4 15.
Bxf4 Nc5 16. Bxe5 Bxe5 17. Nf3 Bf6 18. b4 Ne4 19. Nxe4 Bxe4 20. Be2 a5 21. O-O
axb4 22. Qxb4 Qa5 23. Qxb7 O-O 24. c5 Qxa2 25. Bc4 Qa3 26. c6 Rfb8 27. Qd7 Qa7+
28. Qxa7 Rxa7 29. Rfe1 Bg6 30. Re3 Bb2 31. Rce1 Rb4 32. Bd3 Bxd3 33. Rxd3 Rc4
34. Rb3 Bf6 35. Rbb1 e6 36. Rec1 Rxc1+ 37. Rxc1 Rc7 38. Kf2 exd5 39. Ke3 Bb2
40. Rc2 Ba3 41. Kd4 Ra7 42. Kxd5 Ra5+ 43. Kc4 Ra8 44. c7 1-0

[Event "Capablanca mem PREMIER II"]
[Site "Cuba"]
[Date "2005.05.07"]
[Round "2"]
[White "Almeida, Omar"]
[Black "Estremera, Sergio"]
[Result "1-0"]
[WhiteElo "2452"]
[BlackElo "2385"]
[PlyCount "69"]
[EventDate "2005.05.06"]
[SourceDate "2005.05.06"]

1. d4 Nf6 2. Nf3 e6 3. c4 b6 4. a3 Bb7 5. Nc3 d5 6. Bg5 Be7 7. Qa4+ Qd7 8. Qc2
dxc4 9. e4 b5 10. Rd1 a6 11. Be2 Qc8 12. O-O Nbd7 13. d5 e5 14. a4 c6 15. d6
Bd8 16. Nh4 O-O 17. Nf5 Re8 18. f4 b4 19. Nb1 c5 20. Bxf6 Bxf6 21. Bxc4 exf4
22. Rxf4 Re5 23. Rdf1 Qf8 24. Nd2 Rae8 25. Qd3 Rxf5 26. Rxf5 Ne5 27. Qg3 Qxd6
28. Rxf6 Qxd2 29. Bxf7+ Nxf7 30. Rxf7 Qd4+ 31. Qf2 Bxe4 32. Qxd4 cxd4 33. Rd7
d3 34. Re1 a5 35. Rxd3 1-0

[Event "Capablanca mem PREMIER II"]
[Site "Cuba"]
[Date "2005.05.07"]
[Round "2"]
[White "Corrales, Fidel"]
[Black "Schilow, Wladimir"]
[Result "1-0"]
[WhiteElo "2501"]
[BlackElo "2425"]
[PlyCount "57"]
[EventDate "2005.05.06"]
[SourceDate "2005.05.06"]

1. d4 e6 2. c4 Nf6 3. Nf3 b6 4. a3 Bb7 5. Nc3 d5 6. Bg5 Be7 7. Bxf6 Bxf6 8.
cxd5 exd5 9. Qa4+ c6 10. g3 O-O 11. Bg2 Re8 12. O-O Nd7 13. Rfd1 a5 14. e3 Be7
15. e4 b5 16. Qc2 b4 17. axb4 axb4 18. Na4 dxe4 19. Qxe4 h6 20. Qc2 Bd6 21. Nd2
Rc8 22. Ne4 Nf6 23. Nac5 Ba8 24. Rxa8 Rxa8 25. Nb7 Qe7 26. Nbxd6 Red8 27. Nf5
Qe6 28. Nc5 b3 29. Qd3 1-0

[Event "Capablanca mem PREMIER II"]
[Site "Cuba"]
[Date "2005.05.07"]
[Round "2"]
[White "Hernandez, Holden"]
[Black "Quezada, Yuniesky"]
[Result "1-0"]
[WhiteElo "2446"]
[BlackElo "2502"]
[PlyCount "87"]
[EventDate "2005.05.06"]
[SourceDate "2005.05.06"]

1. d4 Nf6 2. c4 e6 3. Nf3 b6 4. a3 Bb7 5. Nc3 d5 6. cxd5 Nxd5 7. Qc2 Nxc3 8.
bxc3 Be7 9. e4 O-O 10. Bd3 c5 11. O-O Qc8 12. Qe2 Rd8 13. Rd1 Ba6 14. e5 Bxd3
15. Rxd3 cxd4 16. cxd4 Nc6 17. Qe4 Qd7 18. Be3 Rac8 19. Rad1 Qd5 20. Qg4 f5 21.
exf6 Bxf6 22. h3 Ne7 23. Ng5 Nf5 24. Ne4 Be7 25. Bg5 Rf8 26. Bxe7 Nxe7 27. Ng5
Rf6 28. Re3 Rg6 29. Re5 Qb3 30. Qe2 Rc2 31. Qe4 Rc6 32. Re1 Qc2 33. Qxc2 Rxc2
34. Rxe6 Rxg5 35. Rxe7 h5 36. Rxa7 Rf5 37. Ree7 Rg5 38. h4 Rg4 39. g3 Rd2 40.
Re5 Rdxd4 41. Rxh5 Rd6 42. Kg2 Rf6 43. Re5 Kh7 44. h5 1-0

[Event "Capablanca mem PREMIER II"]
[Site "Cuba"]
[Date "2005.05.07"]
[Round "2"]
[White "Gongora, Maikel"]
[Black "Giaccio, Alfredo"]
[Result "1/2-1/2"]
[WhiteElo "2454"]
[BlackElo "2478"]
[PlyCount "110"]
[EventDate "2005.05.06"]
[SourceDate "2005.05.06"]

1. e4 e6 2. d4 d5 3. Nc3 Bb4 4. e5 c5 5. a3 Bxc3+ 6. bxc3 Qa5 7. Bd2 Qa4 8. Qb1
c4 9. g3 Nc6 10. Nh3 Nge7 11. Nf4 Bd7 12. h4 O-O-O 13. Bh3 Rhg8 14. h5 g5 15.
hxg6 hxg6 16. Bg4 Rh8 17. Rxh8 Rxh8 18. Ke2 Qa6 19. Be3 Nf5 20. Bxf5 gxf5 21.
Kd2 Qa4 22. Qd1 a6 23. Qb1 Kc7 24. Qb2 b6 25. Rb1 Qa5 26. Ra1 Qa4 27. Rb1 Qa5
28. a4 Na7 29. Ra1 Nc8 30. Qb4 Qxb4 31. cxb4 Ne7 32. Ne2 Rh5 33. a5 b5 34. Rg1
Ng6 35. c3 Be8 36. Ke1 Kd7 37. Kf1 Rh2 38. Bg5 Kc7 39. Bf4 Rh5 40. Kg2 Bc6 41.
Re1 Kd7 42. Ng1 Ke7 43. Nf3 Nxf4+ 44. gxf4 Kf8 45. Rh1 Rxh1 46. Kxh1 Kg7 47.
Kh2 Kg6 48. Kh3 Bd7 49. Kh4 Bc6 50. Nd2 Kh6 51. Nf1 Kg6 52. Ng3 Kh6 53. Nh5 Kg6
54. Nf6 Bb7 55. Ng8 Kg7 1/2-1/2

[Event "Capablanca mem PREMIER II"]
[Site "Cuba"]
[Date "2005.05.07"]
[Round "2"]
[White "Borges, Juan"]
[Black "Hernandez, Roman"]
[Result "1/2-1/2"]
[WhiteElo "2484"]
[BlackElo "2367"]
[PlyCount "39"]
[EventDate "2005.05.06"]
[SourceDate "2005.05.06"]

1. Nf3 Nf6 2. c4 c6 3. d4 d5 4. Nc3 g6 5. e3 Bg7 6. Be2 O-O 7. O-O dxc4 8. Bxc4
Nfd7 9. Bb3 e5 10. h3 exd4 11. exd4 Nf6 12. Bg5 Na6 13. Ne5 Nc7 14. Qf3 h6 15.
Bxf6 Qxf6 16. Qxf6 Bxf6 17. Nxg6 Rd8 18. Ne5 Be6 19. Ne4 Be7 20. Nc5 1/2-1/2

[Event "Capablanca mem MIXTO"]
[Site "Cuba"]
[Date "2005.05.06"]
[Round "1"]
[White "Perez, Angel"]
[Black "Pazos, Plinio"]
[Result "0-1"]
[WhiteElo "2406"]
[BlackElo "2421"]
[PlyCount "70"]
[EventDate "2005.05.06"]
[SourceDate "2005.05.06"]

1. e4 e5 2. Nf3 Nc6 3. Nc3 Nf6 4. d4 exd4 5. Nxd4 Bb4 6. Nxc6 bxc6 7. Bd3 d5 8.
exd5 cxd5 9. O-O O-O 10. Bg5 c6 11. Qf3 Bd6 12. Rae1 h6 13. Bxf6 Qxf6 14. Qxf6
gxf6 15. Nd1 Bd7 16. Ne3 Rfe8 17. Nf5 Bf8 18. c3 Re5 19. f4 Re6 20. Nd4 Bc5 21.
Kh1 Rxe1 22. Rxe1 Rb8 23. b3 Bxd4 24. cxd4 Kf8 25. Rd1 a5 26. Kg1 a4 27. bxa4
Rb2 28. Rb1 Rxa2 29. Rb7 Ke8 30. Rb4 Bg4 31. h3 Bd1 32. Rb6 Rd2 33. Bf1 Bxa4
34. Ra6 Rxd4 35. Be2 Rxf4 0-1

[Event "Capablanca mem MIXTO"]
[Site "Cuba"]
[Date "2005.05.06"]
[Round "1"]
[White "Leon Hoyos, Manuel"]
[Black "Hernandez, Tania"]
[Result "1-0"]
[WhiteElo "2376"]
[BlackElo "2227"]
[PlyCount "58"]
[EventDate "2005.05.06"]
[SourceDate "2005.05.06"]

1. e4 b6 2. d4 Bb7 3. Bd3 g6 4. f4 Bg7 5. Nf3 d6 6. O-O c5 7. d5 Nf6 8. c4 O-O
9. Nc3 Nbd7 10. Qe2 Ne8 11. Bd2 Nc7 12. a4 a6 13. Rae1 Rb8 14. Qf2 e6 15. Kh1
exd5 16. cxd5 Nf6 17. Qh4 Nd7 18. Qg3 Nf6 19. f5 b5 20. axb5 axb5 21. fxg6 hxg6
22. Bg5 c4 23. Bc2 Nh5 24. Qh4 f6 25. Be3 f5 26. Bg5 Nf6 27. exf5 gxf5 28. Bxf5
b4 29. Ne4 Bxd5 1-0